Equipe de france Coupe du monde 1998 - Statistiques

Statistiques générales
  • Ce quiz a été pris 399 fois
  • Le résultat moyen est 18 sur 23
Statistiques - réponses
Question Réponse % Correct
Joueur Zidane
99%
Joueur Barthez
95%
Joueur Blanc
94%
Joueur Henry
94%
Joueur Petit
94%
Sélectionneur Jacquet
89%
Joueur Lizarazu
89%
Joueur Thuram
88%
Joueur Deschamps
87%
Joueur Trézéguet
86%
Joueur Desailly
85%
Joueur Djorkaeff
80%
Joueur Dugarry
77%
Joueur Lama
76%
Joueur Leboeuf
74%
Joueur Guivarch
73%
Joueur Pirès
64%
Joueur Vieira
64%
Joueur Karembeu
61%
Joueur Charbonnier
58%
Joueur Candela
54%
Joueur Boghossian
48%
Joueur Diomède
48%
Aucun quiz correspondant
Distribution des résultats
% des personnes avec chaque résultat
Percentile par nombre de réponses
Votre historique - résultats
Vous n’avez pas pris ce quiz